The social rights of stateless persons in Hungary
2015-ben a hazai központi jogszabályok elemzése alapján a hontalanokról másfélszáz jogszabályban rendelkeznek, ide értve a kihirdetett nemzetközi szerződéseket is, amelyek a szabályok nagyobbik részét alkotják. A hontalanok jogállása több rétegre bontható, nem csak a rájuk vonatkozó speciális egyezm...
Elmentve itt :
| Szerző: | |
|---|---|
| Dokumentumtípus: | Cikk |
| Megjelent: |
Szegedi Tudományegyetem Állam- és Jogtudományi Kar
Szeged
2016
|
| Sorozat: | Acta Universitatis Szegediensis : acta juridica et politica
79 |
| Kulcsszavak: | Szociális jog - Magyarország |
| Tárgyszavak: | |
| Online Access: | http://acta.bibl.u-szeged.hu/53946 |
| LEADER | 02400nab a2200241 i 4500 | ||
|---|---|---|---|
| 001 | acta53946 | ||
| 005 | 20231107154545.0 | ||
| 008 | 180629s2016 hu o 0|| hun d | ||
| 020 | |a 978-963-306-479-5 | ||
| 022 | |a 0324-6523 | ||
| 040 | |a SZTE Egyetemi Kiadványok Repozitórium |b hun | ||
| 041 | |a hun | ||
| 041 | |a eng | ||
| 100 | 1 | |a Tóth Judit | |
| 245 | 1 | 4 | |a The social rights of stateless persons in Hungary |h [elektronikus dokumentum] / |c Tóth Judit |
| 260 | |a Szegedi Tudományegyetem Állam- és Jogtudományi Kar |b Szeged |c 2016 | ||
| 300 | |a 625-633 | ||
| 490 | 0 | |a Acta Universitatis Szegediensis : acta juridica et politica |v 79 | |
| 520 | 3 | |a 2015-ben a hazai központi jogszabályok elemzése alapján a hontalanokról másfélszáz jogszabályban rendelkeznek, ide értve a kihirdetett nemzetközi szerződéseket is, amelyek a szabályok nagyobbik részét alkotják. A hontalanok jogállása több rétegre bontható, nem csak a rájuk vonatkozó speciális egyezmények, különösen az ENSZ 1954. évi egyezmény minimumszabályai alapján és azok hazai átültetésével, a honosokra vagy a külföldiekre vonatkozó normákat követve, de a szabályok tartalma szerint is. Ebben a tekintetben a szociális jogokról szól a jogszabályok 17 százaléka, és kedvező fejlemény, hogy az állampolgárokkal azonos bánásmódot nyújtunk a közsegélyek, a társadalombiztosítási és foglalkoztatási szabályokhoz kötődő szociális ügyekben a de jure hontalanoknak, mivel visszavonta Magyarország a hontalanok jogállásáról szóló 1954.évi egyezmény 23- 24.cikkéhez fűzött fenntartását 2012-ben. Összességében mégis elmondható, hogy sérülékeny a szociális biztonság a hontalanként elismerést kérelmezőknek és a hontalanként elismerteknek az állandó lakóhely hiányában, és stabillá csak a bevándorolt jogállás vagy az állampolgárság megszerzésével, azaz egy másik státus elnyerésével válik Magyarországon. Ezért bár az Alkotmánybíróság megsemmisítést kimondó határozata révén könnyebbé vált a hontalanként elismerési eljáráshoz hozzáférés 2015 szeptemberétől, kevéssé vonzó a hontalanoknak Magyarország. | |
| 650 | 4 | |a Társadalomtudományok | |
| 650 | 4 | |a Jogtudomány | |
| 695 | |a Szociális jog - Magyarország | ||
| 856 | 4 | 0 | |u http://acta.bibl.u-szeged.hu/53946/1/juridpol_079_625-633.pdf |z Dokumentum-elérés |